[Event "Pardubice Region-chT 2223"]
[Site "Czech Republic"]
[Date "2022.11.13"]
[Round "3.7"]
[White "Linhart, Zbynek"]
[Black "Bartos, Karel"]
[Result "1/2-1/2"]
[WhiteElo "1890"]
[BlackElo "1780"]
[PlyCount "40"]
[EventDate "2022.10.09"]
[EventType "team-tourn"]
[EventRounds "11"]
[EventCountry "CZE"]
[SourceTitle "EXT 2024"]
[Source "ChessBase"]
[SourceDate "2023.10.10"]
[SourceVersion "1"]
[SourceVersionDate "2023.10.10"]
[SourceQuality "1"]

1. d4 Nf6 2. c4 e6 3. Nc3 d5 4. e3 Be7 5. cxd5 exd5 6. Bd3 0-0 7. Nf3 c6 8. Qc2 Nbd7 9. 0-0 Re8 10. a3 a5 11. Bd2 Nf8 12. Ne5 Bd6 13. f4 Ng4 14. h3 Nf6 15. Na4 Ne4 16. Be1 Qe7 17. Nb6 Ra7 18. Nxc8 Rxc8 19. Rf3 f5 20. Qb3 Raa8 1/2-1/2

[Event "CZE-chT2D 2122"]
[Site "Czech Republic"]
[Date "2022.02.27"]
[Round "9.8"]
[White "Bartos, Karel"]
[Black "Hajek, Jaroslav"]
[Result "1/2-1/2"]
[WhiteElo "1759"]
[BlackElo "1889"]
[PlyCount "50"]
[EventDate "2021.10.17"]
[EventType "team-tourn"]
[EventRounds "11"]
[EventCountry "CZE"]
[SourceTitle "EXT 2025"]
[Source "ChessBase"]
[SourceDate "2024.10.14"]
[SourceVersion "1"]
[SourceVersionDate "2024.10.14"]
[SourceQuality "1"]
[WhiteTeam "Lanskroun"]
[BlackTeam "Chrudim"]
[WhiteTeamCountry "CZE"]
[BlackTeamCountry "CZE"]

1. e4 c5 2. c3 d5 3. exd5 Qxd5 4. Nf3 Nc6 5. d4 cxd4 6. cxd4 e6 7. a3 Nf6 8. Nc3 Qd8 9. Be3 Be7 10. Bd3 a6 11. 0-0 0-0 12. Qe2 Nd5 13. Ne4 b6 14. Rad1 Bb7 15. Bb1 f6 16. Qd3 g6 17. h4 Nxe3 18. Qxe3 Kg7 19. Ba2 Qd7 20. Ng3 Nd8 21. Ne1 Bd5 22. Bb1 Bd6 23. Ne2 Nf7 24. Nf4 Bxf4 25. Qxf4 Rac8 1/2-1/2

[Event "Ceske Budejovice op-A"]
[Site "Ceske Budejovice"]
[Date "2020.07.02"]
[Round "2"]
[White "Bartos, Karel"]
[Black "Simunek, Jakub Simon"]
[Result "0-1"]
[WhiteElo "1884"]
[BlackElo "1596"]
[PlyCount "132"]
[EventDate "2020.07.01"]
[EventType "swiss"]
[EventRounds "9"]
[EventCountry "CZE"]
[SourceTitle "CBM 197 Extra"]
[Source "ChessBase"]
[SourceDate "2020.09.30"]
[SourceVersion "1"]
[SourceVersionDate "2020.09.30"]
[SourceQuality "1"]

1. e4 e6 2. d4 d5 3. Nd2 a6 4. Ngf3 c5 5. c3 Nc6 6. exd5 exd5 7. dxc5 Bxc5 8. Nb3 Bb6 9. Be2 h6 10. 0-0 Nf6 11. Nbd4 0-0 12. Bf4 Bg4 13. Re1 Re8 14. h3 Be6 15. Be3 Bc7 16. Qc2 Qd7 17. Nxe6 fxe6 18. Rad1 Qd6 19. g3 Ne4 20. Bf1 Rf8 21. Bg2 Rf7 22. c4 Raf8 23. cxd5 exd5 24. Qe2 Ne7 25. Bf4 Rxf4 26. gxf4 Qxf4 27. Qe3 Qd6 28. Qxe4 dxe4 29. Rxd6 Bxd6 30. Rxe4 Rc8 31. Re2 Rc1+ 32. Bf1 Bc5 33. Kg2 Nd5 34. Rd2 Nf4+ 35. Kg3 Rxf1 36. Kxf4 Rxf2 37. Rxf2 Bxf2 38. Ke5 Kf7 39. Kd6 Kf6 40. Kc7 b6 41. Kb7 a5 42. Nd2 Be1 43. Nf3 Bf2 44. Nd2 Ke6 45. Nc4 g5 46. Nxb6 Bxb6 47. Kxb6 h5 48. Kxa5 g4 49. hxg4 hxg4 50. b4 g3 51. b5 g2 52. b6 g1Q 53. Ka6 Qa1 54. b7 Qxa2+ 55. Kb6 Qb3+ 56. Kc7 Qc4+ 57. Kd8 Qd5+ 58. Kc8 Qc6+ 59. Kb8 Qa6 60. Kc7 Qa7 61. Kc8 Ke7 62. Kc7 Qc5+ 63. Kb8 Kd6 64. Ka8 Qa5+ 65. Kb8 Kc6 66. Kc8 Qc7# 0-1

[Event "Ceske Budejovice op-A"]
[Site "Ceske Budejovice"]
[Date "2020.07.01"]
[Round "1"]
[White "Svanda, Ondrej"]
[Black "Bartos, Karel"]
[Result "1-0"]
[WhiteElo "2238"]
[BlackElo "1884"]
[PlyCount "65"]
[EventDate "2020.07.01"]
[EventType "swiss"]
[EventRounds "9"]
[EventCountry "CZE"]
[SourceTitle "CBM 197 Extra"]
[Source "ChessBase"]
[SourceDate "2020.09.30"]
[SourceVersion "1"]
[SourceVersionDate "2020.09.30"]
[SourceQuality "1"]

1. e4 d5 2. exd5 Qxd5 3. Nc3 Qd8 4. d4 Nf6 5. Nf3 Bg4 6. Be2 c6 7. 0-0 e6 8. h3 Bxf3 9. Bxf3 Be7 10. Ne2 Nbd7 11. Bf4 0-0 12. c4 Re8 13. Re1 Qb6 14. Rb1 Rad8 15. Qc2 Nf8 16. Be3 Qc7 17. Nc3 Rd7 18. g3 Ng6 19. Rbc1 Red8 20. h4 a6 21. h5 Nf8 22. a3 c5 23. d5 Bd6 24. h6 g6 25. Kg2 Re8 26. Rcd1 Rdd8 27. Bg5 Be7 28. Bf4 Bd6 29. Bg5 Be7 30. Bxf6 Bxf6 31. dxe6 Nxe6 32. Nd5 Rxd5 33. cxd5 1-0

[Event "Pardubice Czech op-A 30th"]
[Site "Pardubice"]
[Date "2019.07.24"]
[Round "6"]
[White "Bartos, Karel"]
[Black "Arpita, Mukherjee"]
[Result "0-1"]
[WhiteElo "1901"]
[BlackElo "2248"]
[PlyCount "82"]
[EventDate "2019.07.19"]
[EventType "swiss"]
[EventRounds "9"]
[EventCountry "CZE"]
[SourceTitle "CBM 191"]
[Source "ChessBase"]
[SourceDate "2019.08.31"]
[SourceVersion "1"]
[SourceVersionDate "2019.08.31"]
[SourceQuality "1"]

1. e4 c5 2. c3 d5 3. exd5 Qxd5 4. d4 g6 5. Nf3 Bg7 6. Na3 cxd4 7. Bc4 Qe4+ 8. Be3 Nh6 9. cxd4 0-0 10. 0-0 Bg4 11. Be2 Nf5 12. Qd2 Nxe3 13. Qxe3 Qxe3 14. fxe3 Bh6 15. Kf2 Nc6 16. Nc4 Rac8 17. Rac1 Nb4 18. Nce5 Be6 19. Bc4 Bxc4 20. Rxc4 Nd3+ 21. Ke2 Nxb2 22. Rxc8 Rxc8 23. Kd2 Na4 24. Rb1 Nb6 25. Kd3 Bg7 26. Ng4 h5 27. Nf2 Rc7 28. Nd2 e5 29. Nb3 exd4 30. exd4 Nd5 31. Rc1 Nb4+ 32. Ke4 f5+ 33. Kf3 Rxc1 34. Nxc1 Bxd4 35. a3 Nc2 36. a4 Ne1+ 37. Ke2 Nxg2 38. Nb3 Nf4+ 39. Kf3 Bxf2 40. Kxf2 Kf7 41. Nc5 b6 0-1

[Event "Pardubice Czech op-A 30th"]
[Site "Pardubice"]
[Date "2019.07.22"]
[Round "4"]
[White "Bartos, Karel"]
[Black "Groetzbach, Julian"]
[Result "1-0"]
[WhiteElo "1901"]
[BlackElo "2269"]
[PlyCount "95"]
[EventDate "2019.07.19"]
[EventType "swiss"]
[EventRounds "9"]
[EventCountry "CZE"]
[SourceTitle "CBM 191"]
[Source "ChessBase"]
[SourceDate "2019.08.31"]
[SourceVersion "1"]
[SourceVersionDate "2019.08.31"]
[SourceQuality "1"]

1. e4 e5 2. Nf3 Nc6 3. Bb5 a6 4. Ba4 d6 5. c3 Bd7 6. 0-0 g6 7. Re1 Bg7 8. d3 Nf6 9. Nbd2 0-0 10. Nf1 Re8 11. Bg5 h6 12. Bd2 b5 13. Bb3 Na5 14. Bc2 c5 15. a4 Qb6 16. axb5 axb5 17. b4 Nc6 18. Bb3 Bg4 19. Ne3 Rxa1 20. Qxa1 cxb4 21. Qa2 Re7 22. cxb4 Bxf3 23. gxf3 Ra7 24. Qb2 Nd4 25. Kg2 Qd8 26. Bc3 Nh5 27. Bxd4 exd4 28. Nd5 Qg5+ 29. Kf1 Nf4 30. Nxf4 Qxf4 31. Ke2 Qxh2 32. Ra1 Rc7 33. Rc1 Rc3 34. Ra1 Be5 35. Qa2 Rc7 36. Qa8+ Kg7 37. Qd8 d5 38. Ra8 g5 39. Qg8+ Kf6 40. Ra6+ Ke7 41. Ra8 Kf6 42. Qh8+ Kg6 43. Ra6+ f6 44. Qe8+ Kh7 45. Ra8 Rg7 46. Bxd5 h5 47. Qh8+ Kg6 48. Bf7+ 1-0

[Event "Klatovy op-A 24th"]
[Site "Klatovy"]
[Date "2018.07.07"]
[Round "8"]
[White "Bartos, Karel"]
[Black "Cekan, Petr1"]
[Result "1/2-1/2"]
[WhiteElo "1823"]
[BlackElo "1966"]
[PlyCount "31"]
[EventDate "2018.06.30"]
[EventType "swiss"]
[EventRounds "9"]
[EventCountry "CZE"]
[SourceTitle "EXT 2019"]
[Source "ChessBase"]
[SourceDate "2018.10.10"]
[SourceVersion "1"]
[SourceVersionDate "2018.10.10"]
[SourceQuality "1"]

1. e4 e5 2. Nf3 Nc6 3. Bb5 a6 4. Ba4 b5 5. Bb3 Be7 6. 0-0 Nf6 7. Re1 d6 8. c3 Bg4 9. d3 0-0 10. Nbd2 Na5 11. Bc2 c5 12. Nf1 Qc7 13. h3 Bh5 14. Ng3 Bg6 15. Nh4 Rac8 16. Bg5 1/2-1/2

[Event "Klatovy op-A 24th"]
[Site "Klatovy"]
[Date "2018.07.06"]
[Round "7"]
[White "Lhotska, Anna"]
[Black "Bartos, Karel"]
[Result "1-0"]
[WhiteElo "1689"]
[BlackElo "1823"]
[PlyCount "81"]
[EventDate "2018.06.30"]
[EventType "swiss"]
[EventRounds "9"]
[EventCountry "CZE"]
[SourceTitle "EXT 2019"]
[Source "ChessBase"]
[SourceDate "2018.10.10"]
[SourceVersion "1"]
[SourceVersionDate "2018.10.10"]
[SourceQuality "1"]

1. e4 c5 2. Nf3 d6 3. d4 cxd4 4. Nxd4 Nf6 5. Nc3 a6 6. f3 e5 7. Nb3 Be6 8. Be3 Be7 9. Qd2 Nbd7 10. 0-0-0 b5 11. g4 h6 12. Kb1 Nb6 13. Bxb6 Qxb6 14. h4 b4 15. Nd5 Bxd5 16. exd5 a5 17. Rg1 Nd7 18. Rh1 a4 19. Nc1 Nc5 20. Nd3 b3 21. cxb3 axb3 22. a3 Nxd3 23. Bxd3 h5 24. Qg2 hxg4 25. Qxg4 Bf6 26. h5 Rh6 27. Rc1 Kf8 28. Rc6 Qa5 29. Rhc1 g6 30. hxg6 fxg6 31. Bxg6 Rh2 32. Rc8+ Rxc8 33. Rxc8+ Bd8 34. Qf5+ Kg7 35. Qf7+ Kh6 36. Qh7+ Kg5 37. Qxh2 Kxg6 38. Qg3+ Kf7 39. Qg4 Bb6 40. Qe6+ Kg7 41. Rg8+ 1-0

[Event "Klatovy op-A 24th"]
[Site "Klatovy"]
[Date "2018.07.01"]
[Round "2"]
[White "Bartos, Karel"]
[Black "Stinka, Jakub"]
[Result "1/2-1/2"]
[WhiteElo "1823"]
[BlackElo "2093"]
[PlyCount "69"]
[EventDate "2018.06.30"]
[EventType "swiss"]
[EventRounds "9"]
[EventCountry "CZE"]
[SourceTitle "CBM 185 Extra"]
[Source "ChessBase"]
[SourceDate "2018.07.29"]
[SourceVersion "1"]
[SourceVersionDate "2018.07.29"]
[SourceQuality "1"]

1. e4 c5 2. c3 Nf6 3. e5 Nd5 4. Nf3 e6 5. d4 cxd4 6. cxd4 d6 7. Bc4 Nc6 8. 0-0 Be7 9. Qe2 0-0 10. Qe4 dxe5 11. dxe5 b6 12. Nc3 Nxc3 13. bxc3 Bb7 14. Bd3 g6 15. Bh6 Re8 16. Rad1 Qc7 17. Qe2 Bf8 18. Bxf8 Rxf8 19. Rfe1 Rad8 20. h4 Ne7 21. Rc1 Nd5 22. Be4 Nf4 23. Qe3 Bxe4 24. Qxf4 Bxf3 25. Qxf3 h5 26. Qe3 Rd5 27. c4 Rc5 28. Qf4 Rc8 29. Rcd1 Rxc4 30. Qf6 Rc2 31. Rd6 Rc1 32. Rxc1 Qxc1+ 33. Kh2 Qc7 34. g4 hxg4 35. h5 1/2-1/2

[Event "Litomysl op 18th"]
[Site "Litomysl"]
[Date "2016.12.26"]
[Round "1"]
[White "Bartos, Karel"]
[Black "Paul, Johannes"]
[Result "0-1"]
[WhiteElo "1795"]
[BlackElo "2319"]
[PlyCount "90"]
[EventDate "2016.12.26"]
[EventType "swiss"]
[EventRounds "9"]
[EventCountry "CZE"]
[SourceTitle "CBM 176 Extra"]
[Source "ChessBase"]
[SourceDate "2017.03.02"]
[SourceVersion "1"]
[SourceVersionDate "2017.03.02"]
[SourceQuality "1"]

1. e4 e6 2. d4 d5 3. Nc3 Bb4 4. e5 c5 5. a3 Bxc3+ 6. bxc3 Ne7 7. Nf3 Nbc6 8. Be2 Qa5 9. Bd2 Bd7 10. 0-0 c4 11. Re1 0-0-0 12. Bf1 f5 13. Qb1 h6 14. Qb2 Be8 15. Reb1 Rd7 16. a4 Bh5 17. Be2 Kb8 18. Qb5 Ka8 19. Qxa5 Nxa5 20. Rb5 b6 21. h4 Ng6 22. g3 f4 23. Kg2 Rf8 24. Rf1 Rdf7 25. Rbb1 Nc6 26. Rbe1 Nce7 27. Bc1 Bg4 28. Ba3 Bf5 29. Bd1 Be4 30. h5 Nh8 31. g4 Rg8 32. Bxe7 Rxe7 33. Kh3 Nf7 34. Rg1 Kb7 35. Nh4 Ng5+ 36. Kh2 f3 37. Kg3 Rf7 38. Re3 Rgf8 39. Rge1 Ka6 40. Ng6 Bxg6 41. hxg6 Rf4 42. Rh1 Ne4+ 43. Kh4 Nxf2 44. Rg1 Ne4 45. Rf1 f2 0-1

[Event "Klatovy op-B 22nd"]
[Site "Klatovy"]
[Date "2016.07.03"]
[Round "2"]
[White "May, David"]
[Black "Bartos, Karel"]
[Result "0-1"]
[WhiteElo "1532"]
[BlackElo "1784"]
[PlyCount "62"]
[EventDate "2016.07.02"]
[EventType "swiss"]
[EventRounds "9"]
[EventCountry "CZE"]
[SourceTitle "EXT 2019"]
[Source "ChessBase"]
[SourceDate "2018.10.10"]
[SourceVersion "1"]
[SourceVersionDate "2018.10.10"]
[SourceQuality "1"]

1. d4 f5 2. c4 Nf6 3. Nc3 e6 4. Nf3 Bb4 5. Bg5 0-0 6. Qb3 Bxc3+ 7. bxc3 d6 8. g3 Qe8 9. Bg2 Ne4 10. 0-0 Nc6 11. Rac1 b6 12. Rfe1 Ba6 13. Qa4 Na5 14. Qxe8 Raxe8 15. c5 bxc5 16. dxc5 Nxc5 17. Nd4 Ne4 18. Be3 Nc4 19. Bxe4 fxe4 20. Nc2 Nxe3 21. Nxe3 Rb8 22. Rc2 Rb6 23. Ng2 Rfb8 24. Nf4 Rb1 25. Kf1 Kf7 26. Rec1 Rxc1+ 27. Rxc1 Rb2 28. Ke1 g5 29. Nh3 Rxe2+ 30. Kd1 h6 31. c4 Rxa2 0-1